[Event "Chambery op 13th"]
[Site "Chambery"]
[Date "2007.07.31"]
[Round "4"]
[White "Foulon, Greta"]
[Black "Peguret, Philippe"]
[Result "0-1"]
[WhiteElo "1946"]
[BlackElo "2002"]
[PlyCount "66"]
[EventDate "2007.07.28"]
[EventType "swiss"]
[EventRounds "9"]
[EventCountry "FRA"]
[SourceTitle "CBM 119 Extra"]
[Source "ChessBase"]
[SourceDate "2007.09.04"]
[SourceVersion "1"]
[SourceVersionDate "2007.09.04"]
[SourceQuality "1"]

1. d4 Nf6 2. c4 c5 3. d5 b5 4. cxb5 a6 5. bxa6 g6 6. g3 Bxa6 7. Bg2 Bg7 8. Nc3 d6 9. Nf3 Nbd7 10. 0-0 Nb6 11. Re1 0-0 12. h3 Nfd7 13. Qc2 Nc4 14. b3 Qa5 15. bxc4 Qxc3 16. Qxc3 Bxc3 17. Bh6 Rfb8 18. Nd2 Bxa1 19. Rxa1 Ne5 20. Rc1 f6 21. Be4 g5 22. f4 Nf7 23. fxg5 fxg5 24. h4 Nxh6 25. hxg5 Ng4 26. Bf5 Ne5 27. Kg2 Bc8 28. Bb1 Rb2 29. Rd1 Bg4 30. Kf2 Ra4 31. Ke3 Nxc4+ 32. Nxc4 Rxc4 33. Bd3 Rc3 0-1

[Event "Chambery op 13th"]
[Site "Chambery"]
[Date "2007.07.29"]
[Round "2"]
[White "Heyman, Jacques"]
[Black "Peguret, Philippe"]
[Result "0-1"]
[WhiteElo "1903"]
[BlackElo "2002"]
[PlyCount "82"]
[EventDate "2007.07.28"]
[EventType "swiss"]
[EventRounds "9"]
[EventCountry "FRA"]
[SourceTitle "CBM 119 Extra"]
[Source "ChessBase"]
[SourceDate "2007.09.04"]
[SourceVersion "1"]
[SourceVersionDate "2007.09.04"]
[SourceQuality "1"]

1. d4 Nf6 2. Bg5 Ne4 3. Bf4 c5 4. f3 Qa5+ 5. c3 Nf6 6. Nd2 cxd4 7. Nb3 Qd8 8. cxd4 d5 9. Qc2 Nc6 10. a3 g6 11. e3 Bf5 12. Bd3 Bxd3 13. Qxd3 Bg7 14. g4 0-0 15. Ne2 Nd7 16. Kf2 e5 17. Bg3 f5 18. gxf5 Rxf5 19. Kg2 Rxf3 20. dxe5 Ndxe5 21. Qb5 a6 22. Qc5 Nd3 23. Qc2 Rxe3 24. Rad1 Nxb2 25. Rb1 Nc4 26. Qa2 Qe7 27. Rhe1 Re8 28. Nbc1 Qe4+ 29. Kg1 Rxa3 30. Qxa3 Nxa3 31. Rxb7 Nd4 32. Nc3 Qxe1+ 33. Bxe1 Rxe1+ 34. Kg2 Rxc1 35. Nxd5 Rc2+ 36. Kh3 Be5 37. Ne3 Rxh2+ 38. Kg4 Re2 39. Nf1 Re1 40. Nd2 Rg1+ 41. Kh3 Rg3+ 0-1